[Event "4NCL/Div3/HKF1 vs. BRI2"]
[Site "West Bromwich ENG"]
[Date "2004.06.20"]
[Round "11.3"]
[White "Greet, Andrew N"]
[Black "Easton, Alex"]
[Result "1-0"]
[WhiteElo "2319"]
[BlackElo "2091"]
[PlyCount "83"]
[EventDate "2004.06.20"]

1. d4 Nf6 2. c4 g6 3. g3 Bg7 4. Bg2 d5 5. cxd5 Nxd5 6. e4 Nb6 7. Ne2 e5 8. dxe5
Qxd1+ 9. Kxd1 Bxe5 10. Nbc3 O-O 11. Kc2 Bg7 12. Be3 Nc6 13. Rad1 Be6 14. a3 Na5
15. Nc1 Nac4 16. Bc5 Rfd8 17. b3 Ne5 18. h3 a5 19. a4 Nc6 20. Nb5 Nd7 21. Ba3
Nb4+ 22. Bxb4 axb4 23. Nd3 c5 24. Nf4 Nf8 25. Nd5 Bxd5 26. exd5 Nd7 27. d6 Rab8
28. Rhe1 c4 29. Bd5 cxb3+ 30. Kxb3 Nb6 31. Kxb4 Ra8 32. Bb3 Bf8 33. Nc7 Rxd6
34. Kb5 Rad8 35. Rxd6 Rxd6 36. Ne8 Rc6 37. Rd1 Nc8 38. a5 Nd6+ 39. Nxd6 Rxd6
40. Rxd6 Bxd6 41. Bd5 Ba3 42. Bxb7 1-0

[Event "4NCL/Div3/HKF1 vs. BRI2"]
[Site "West Bromwich ENG"]
[Date "2004.06.20"]
[Round "11.4"]
[White "Sisask, Jesper"]
[Black "Burrows, Martin"]
[Result "1-0"]
[WhiteElo "2038"]
[BlackElo "2242"]
[PlyCount "77"]
[EventDate "2004.06.20"]

1. d4 Nf6 2. Bg5 Ne4 3. Bf4 c5 4. f3 Qa5+ 5. c3 Nf6 6. d5 Qb6 7. Bc1 g6 8. e4
d6 9. c4 Bg7 10. Ne2 e6 11. Nec3 O-O 12. Be2 Re8 13. O-O a6 14. a4 exd5 15.
cxd5 Nbd7 16. Na3 Nf8 17. Nc4 Qd8 18. Bf4 Nh5 19. Bxd6 Bd4+ 20. Kh1 g5 21. Qd2
Ng6 22. g3 Bh3 23. Rfc1 Qf6 24. e5 Nxe5 25. Ne4 Qg6 26. Bxc5 Nxc4 27. Rxc4 Bxc5
28. Nxc5 Rac8 29. Rac1 Qh6 30. Ne4 Rxc4 31. Rxc4 f6 32. Kg1 Bf5 33. d6 Nf4 34.
gxf4 gxf4 35. d7 Rd8 36. Qd5+ Kh8 37. Qxf5 Qg7+ 38. Kf2 Rxd7 39. Rc8+ 1-0

[Event "4NCL/Div3/HKF1 vs. BRI2"]
[Site "West Bromwich ENG"]
[Date "2004.06.20"]
[Round "11.5"]
[White "Ogunshola, Ben"]
[Black "Stock, Toby"]
[Result "0-1"]
[WhiteElo "2178"]
[BlackElo "2048"]
[PlyCount "84"]
[EventDate "2004.06.20"]

1. c4 g6 2. g3 Bg7 3. Bg2 d6 4. Nc3 e5 5. d3 Nf6 6. Nf3 O-O 7. O-O h6 8. Rb1 a5
9. a3 Re8 10. e4 c6 11. Ne1 Na6 12. f4 Ng4 13. Qe2 exf4 14. Rxf4 Qb6+ 15. Kh1
Bxc3 16. Nc2 Bg7 17. Rxg4 Bxg4 18. Qxg4 Qf2 19. Qd1 Nc5 20. Ne3 f5 21. Nc2 fxe4
22. Be3 Nxd3 23. Bxe4 Rxe4 24. Qxd3 Qf3+ 25. Kg1 Bd4 26. Re1 c5 27. Re2 Rf8 28.
Re1 Rfe8 29. Re2 R4e6 30. b4 axb4 31. axb4 b6 32. b5 Re4 33. Rf2 Bxe3 34. Qd5+
R8e6 35. Qa8+ Kh7 36. Nxe3 Qxe3 37. Kg2 Re7 38. Qf8 Rg7 39. Rf7 Qe2+ 40. Kh3
Qh5+ 41. Kg2 Re2+ 42. Kf1 Qh3+ 0-1

[Event "4NCL/Div3/HKF1 vs. BRI2"]
[Site "West Bromwich ENG"]
[Date "2004.06.20"]
[Round "11.6"]
[White "White, Michael"]
[Black "Chipanga, Takaedza"]
[Result "0-1"]
[WhiteElo "2068"]
[BlackElo "2170"]
[PlyCount "102"]
[EventDate "2004.06.20"]

1. e4 c5 2. Nf3 Nc6 3. d4 cxd4 4. Nxd4 Nf6 5. Nc3 d6 6. Bg5 e6 7. Qd2 Be7 8.
O-O-O O-O 9. Nb3 a6 10. Bxf6 gxf6 11. Qh6 Kh8 12. Qh5 Qe8 13. f4 Rg8 14. g4 b5
15. Bd3 Rg7 16. h4 b4 17. Ne2 e5 18. f5 a5 19. Rdg1 Qg8 20. Nd2 b3 21. a3 bxc2
22. Nf3 Bd8 23. g5 Bb6 24. gxf6 Be3+ 25. Kxc2 Rxg1 26. Nfxg1 Nd4+ 27. Nxd4 exd4
28. Ne2 Ba6 29. Bxa6 Rxa6 30. Rh3 Rc6+ 31. Kd3 Qb8 32. Nxd4 Bxd4 33. Qxf7 Rc7
34. Qe6 Be5 35. f7 Qf8 36. Rh2 Qxf7 37. Qxf7 Rxf7 38. Rc2 Rb7 39. Rc8+ Kg7 40.
Ra8 Rb5 41. a4 Rb3+ 42. Kc4 Rb4+ 43. Kd5 Rxa4 44. Ra7+ Kf6 45. Rxh7 Rd4+ 46.
Kc6 Rxe4 47. b3 Rb4 48. Ra7 Rxb3 49. Rxa5 Kxf5 50. Ra4 Rd3 51. Rb4 Kg6 0-1

[Event "4NCL/Div3/HKF1 vs. BRI2"]
[Site "West Bromwich ENG"]
[Date "2004.06.20"]
[Round "11.7"]
[White "Crombleholme, Alan"]
[Black "Chaplin, Peter"]
[Result "1/2-1/2"]
[WhiteElo "2099"]
[BlackElo "2072"]
[PlyCount "59"]
[EventDate "2004.06.20"]

1. g3 d5 2. Nf3 Nf6 3. c4 c6 4. b3 Bf5 5. Bg2 e6 6. O-O h6 7. d3 Nbd7 8. Qc2
Be7 9. Nbd2 Bh7 10. e4 dxe4 11. Nxe4 Nc5 12. Nxc5 Bxc5 13. Ne1 Bd4 14. Bb2 O-O
15. Rd1 Qd6 16. Nf3 Bxb2 17. Qxb2 Rad8 18. d4 Be4 19. Qe2 Bxf3 20. Bxf3 Rd7 21.
Rfe1 Rfd8 22. Qb2 Qb4 23. a3 Qb6 24. c5 Qc7 25. b4 a6 26. Kg2 Nd5 27. Re4 Nf6
28. Ree1 Nd5 29. Re4 Nf6 30. Ree1 1/2-1/2

[Event "4NCL/Div3/HKF1 vs. BRI2"]
[Site "West Bromwich ENG"]
[Date "2004.06.20"]
[Round "11.8"]
[White "Humphreys, Jerry"]
[Black "Parmar, Amisha"]
[Result "0-1"]
[WhiteElo "2088"]
[BlackElo "1384"]
[PlyCount "96"]
[EventDate "2004.06.20"]

1. e4 c5 2. Nf3 d6 3. Nc3 Nc6 4. g3 Bg4 5. h3 Bxf3 6. Qxf3 Nd4 7. Qd1 g6 8. Bg2
Bg7 9. O-O e6 10. d3 Ne7 11. Be3 Nec6 12. Qd2 O-O 13. Rae1 Qb6 14. Nd1 Ne5 15.
f4 Nd7 16. c3 Nc6 17. f5 Nce5 18. Kh2 Qa6 19. c4 Qxa2 20. Nc3 Qa6 21. Rf2 Nc6
22. Nb5 Qb6 23. Bh6 a6 24. Bxg7 Kxg7 25. Nc3 Nd4 26. g4 a5 27. Ref1 Ne5 28. Ne2
Nxe2 29. Rxe2 f6 30. g5 fxg5 31. Qxg5 Qd8 32. Qg3 Kh8 33. Ref2 gxf5 34. exf5
Rg8 35. Qe3 Qh4 36. Kg1 Rg3 37. Qf4 Qxf4 38. Rxf4 Nxd3 39. Rg4 Rxg4 40. hxg4
exf5 41. gxf5 Nxb2 42. Bd5 a4 43. f6 a3 44. Bxb7 Rf8 45. Bd5 a2 46. f7 Nd3 47.
Ra1 Nb4 48. Be6 Kg7 0-1

[Event "4NCL/Div4/CAMB vs. CHED"]
[Site "West Bromwich ENG"]
[Date "2003.11.23"]
[Round "2.1"]
[White "Alfred, Nathan S W"]
[Black "Shaw, Robert"]
[Result "1-0"]
[WhiteElo "2356"]
[BlackElo "2319"]
[PlyCount "117"]
[EventDate "2003.11.23"]

1. d4 Nf6 2. Nf3 g6 3. c4 Bg7 4. Nc3 O-O 5. e4 d6 6. Be2 e5 7. O-O Nc6 8. d5
Ne7 9. b4 Nh5 10. Re1 Nf4 11. Bf1 f5 12. Bxf4 fxe4 13. Bxe5 exf3 14. Bxg7 Kxg7
15. g3 g5 16. Ne4 Ng6 17. Qd4+ Kg8 18. c5 Bf5 19. Rac1 Bxe4 20. Rxe4 Qd7 21. c6
bxc6 22. dxc6 Qg7 23. Qd5+ Kh8 24. Qxg5 Ne5 25. Qxg7+ Kxg7 26. b5 Kf6 27. Rc3
d5 28. Rd4 Rfd8 29. Rc5 a6 30. bxa6 Rab8 31. Rcxd5 Rxd5 32. Rxd5 Nxc6 33. Rc5
Nd4 34. h4 Ne2+ 35. Kh2 Ra8 36. Rc2 Rxa6 37. Bxe2 fxe2 38. Rxe2 h5 39. Kg2 Ra3
40. Rc2 Kg6 41. Kf1 c5 42. Ke2 c4 43. Kd2 Kf5 44. Rxc4 Rxa2+ 45. Ke3 Ra3+ 46.
Ke2 Ra2+ 47. Ke3 Ra3+ 48. Kd2 Ra2+ 49. Rc2 Ra3 50. Rc5+ Kg4 51. Rg5+ Kf3 52.
Rxh5 Kxf2 53. Rg5 Kf3 54. h5 Ke4 55. Rg4+ Kf3 56. Rg6 Ke4 57. g4 Rh3 58. h6
Rh2+ 59. Kc3 1-0

[Event "4NCL/Div4/CAMB vs. CHED"]
[Site "West Bromwich ENG"]
[Date "2003.11.23"]
[Round "2.2"]
[White "Smith, Alan A"]
[Black "Moskovic, David M"]
[Result "1-0"]
[WhiteElo "2251"]
[BlackElo "2274"]
[PlyCount "111"]
[EventDate "2003.11.23"]

1. e4 c5 2. Nf3 d6 3. Bb5+ Nd7 4. d4 Ngf6 5. O-O Nxe4 6. Qe2 Nef6 7. dxc5 dxc5
8. Rd1 e6 9. Ne5 a6 10. Bc4 Qb6 11. Nc3 Nxe5 12. Qxe5 Be7 13. Qg3 Qb4 14. b3 b5
15. Be2 O-O 16. Bf4 c4 17. bxc4 bxc4 18. Be5 g6 19. Rab1 Qa5 20. Bxf6 Bxf6 21.
Qf3 Qxc3 22. Qxa8 Qxc2 23. Bf3 Bd4 24. Rb8 Qxf2+ 25. Kh1 c3 26. Rxc8 Rxc8 27.
Qxc8+ Kg7 28. Qc4 e5 29. Rf1 Qd2 30. Qe2 f5 31. Qxd2 cxd2 32. Rb1 e4 33. Be2 a5
34. g3 Kf6 35. Kg2 g5 36. Rb5 f4 37. gxf4 gxf4 38. Bd1 f3+ 39. Kf1 Be5 40. Rxa5
Bxh2 41. Rd5 Be5 42. Rxd2 e3 43. Rd7 e2+ 44. Bxe2 fxe2+ 45. Kxe2 Ke6 46. Rxh7
Kd6 47. Rb7 Kc6 48. Rb3 Bd4 49. a4 Bb6 50. Kd3 Ba5 51. Kc4 Bb6 52. Rb5 Ba7 53.
a5 Bf2 54. a6 Bb6 55. Rb3 Kc7 56. Kd5 1-0

[Event "4NCL/Div4/CAMB vs. CHED"]
[Site "West Bromwich ENG"]
[Date "2003.11.23"]
[Round "2.3"]
[White "Mutton, Jonathan B"]
[Black "Gorka, Carl"]
[Result "1-0"]
[WhiteElo "2186"]
[BlackElo "2112"]
[PlyCount "71"]
[EventDate "2003.11.23"]

1. e4 c5 2. Nc3 Nc6 3. Bb5 g6 4. Bxc6 dxc6 5. f4 Bg7 6. Nf3 Nf6 7. O-O O-O 8.
Qe1 Qc7 9. d3 Nh5 10. f5 gxf5 11. Qh4 fxe4 12. Ng5 f6 13. Nxh7 Kxh7 14. Qxh5+
Kg8 15. Nxe4 e5 16. Bh6 f5 17. Bxg7 Qxg7 18. Nxc5 b6 19. Nb3 Be6 20. Rae1 Rae8
21. Rf3 Bf7 22. Qh4 f4 23. Nd2 Re6 24. Rh3 Rg6 25. Qf2 Be6 26. Rh4 f3 27. g3
Rf5 28. Re3 Qf6 29. Ra4 Rh5 30. Rxf3 Qg7 31. Ne4 b5 32. Nf6+ Rxf6 33. Rxf6 bxa4
34. Rxe6 Qd7 35. Rf6 Rh7 36. Rf8+ 1-0

[Event "4NCL/Div4/CAMB vs. CHED"]
[Site "West Bromwich ENG"]
[Date "2003.11.23"]
[Round "2.4"]
[White "Richardson, Alex"]
[Black "Garner, David"]
[Result "1-0"]
[WhiteElo "2091"]
[BlackElo "2168"]
[PlyCount "105"]
[EventDate "2003.11.23"]

1. Nf3 Nf6 2. g3 g6 3. Bg2 Bg7 4. O-O O-O 5. d3 c5 6. e4 Nc6 7. c3 e5 8. Nbd2
h6 9. a3 d5 10. exd5 Nxd5 11. Rb1 Be6 12. Ne4 b6 13. c4 Nc7 14. b4 f5 15. Ned2
Qd6 16. bxc5 Qxc5 17. Qc2 Rad8 18. Nb3 Qd6 19. Ne1 Bf7 20. Bb2 Ne6 21. Bd5 Ng5
22. Bg2 Rfe8 23. Rc1 Ne6 24. Bd5 Ne7 25. Bg2 Rc8 26. Nf3 Nc6 27. Rfd1 Red8 28.
Qe2 a5 29. Rb1 a4 30. Na1 Nc5 31. Ne1 Re8 32. Nac2 Nb3 33. Bxc6 Qxc6 34. Nb4
Qc5 35. Ng2 b5 36. cxb5 Qxb5 37. Qf3 Rcd8 38. Ne3 Nd4 39. Bxd4 exd4 40. Nc6 Bd5
41. Nxd5 Qxd5 42. Qxd5+ Rxd5 43. Rb4 Rd6 44. Rc1 Ree6 45. Rb8+ Bf8 46. Nb4 Kf7
47. Ra8 Re2 48. Kf1 Rd2 49. Rc7+ Be7 50. Nc6 Re6 51. Nd8+ Kf6 52. Nxe6 Kxe6 53.
Re8 1-0

[Event "4NCL/Div4/CAMB vs. CHED"]
[Site "West Bromwich ENG"]
[Date "2003.11.23"]
[Round "2.5"]
[White "Klein, Bernhard M"]
[Black "Edwards, Simon R"]
[Result "1/2-1/2"]
[WhiteElo "2096"]
[BlackElo "2042"]
[PlyCount "56"]
[EventDate "2003.11.23"]

1. d4 Nf6 2. c4 e6 3. Nc3 b6 4. e4 Bb4 5. Bd3 Bb7 6. f3 d5 7. Qa4+ Nc6 8. cxd5
Bxc3+ 9. bxc3 exd5 10. Ba6 Bxa6 11. Qxc6+ Kf8 12. Ba3+ Kg8 13. e5 Qe8 14. Qxe8+
Rxe8 15. Nh3 Nd7 16. Nf4 Bc4 17. Kd2 Nf8 18. g3 Ne6 19. Nd3 Ng5 20. Rhf1 f6 21.
h4 Ne6 22. Rfe1 f5 23. Ke3 Kf7 24. Nf4 g6 25. Rg1 h6 26. Rg2 Rhg8 27. Rag1 Nxf4
28. Kxf4 Ke6 1/2-1/2

[Event "4NCL/Div4/CAMB vs. CHED"]
[Site "West Bromwich ENG"]
[Date "2003.11.23"]
[Round "2.6"]
[White "Edwards, Roger J"]
[Black "Jones, Richard M"]
[Result "1/2-1/2"]
[WhiteElo "1752"]
[BlackElo "2063"]
[PlyCount "75"]
[EventDate "2003.11.23"]

1. e4 e5 2. Nf3 Nc6 3. d4 exd4 4. Bc4 Nf6 5. O-O Nxe4 6. Re1 d5 7. Bxd5 Qxd5 8.
Nc3 Qa5 9. Rxe4+ Be6 10. Nxd4 O-O-O 11. Be3 Bc5 12. Qh5 Bxd4 13. Qxa5 Nxa5 14.
Rxd4 Nc4 15. Rxd8+ Rxd8 16. Nd1 Bf5 17. Bg5 f6 18. Ne3 Nxe3 19. Bxe3 Bxc2 20.
Rc1 b6 21. h4 Rd1+ 22. Rxd1 Bxd1 23. Kf1 Kd7 24. Ke1 Bh5 25. Kd2 Bf7 26. a3 c5
27. Bf4 Kc6 28. Kc3 a6 29. g3 Bh5 30. Be3 Kd5 31. Kd3 Bg6+ 32. Kc3 Bf5 33. Bf4
Kc6 34. b4 cxb4+ 35. Kxb4 a5+ 36. Kc3 Be6 37. Kb2 b5 38. Be3 1/2-1/2

[Event "4NCL/Div4/BRJ vs. PPA2"]
[Site "West Bromwich ENG"]
[Date "2003.11.23"]
[Round "2.1"]
[White "Headlong, Timothy"]
[Black "Winfridsson, Håkan"]
[Result "1-0"]
[WhiteElo "2196"]
[BlackElo "2175"]
[PlyCount "55"]
[EventDate "2003.11.23"]

1. Nf3 Nf6 2. c4 g6 3. Nc3 d5 4. cxd5 Nxd5 5. Qb3 Nb6 6. d4 Bg7 7. Bg5 Nc6 8.
Rd1 O-O 9. e3 a6 10. Be2 Qe8 11. d5 Nb8 12. O-O e5 13. e4 N6d7 14. Rc1 Kh8 15.
Be3 f5 16. Ng5 f4 17. Bd2 Nc5 18. Qa3 b6 19. b4 Qe7 20. bxc5 Qxg5 21. f3 Bh3
22. Rf2 Rf7 23. d6 cxd6 24. cxb6 Nc6 25. Nd5 Nd4 26. Bb4 Rd7 27. Bf1 Bf8 28.
Kh1 1-0

[Event "4NCL/Div4/BRJ vs. PPA2"]
[Site "West Bromwich ENG"]
[Date "2003.11.23"]
[Round "2.2"]
[White "Dignam, Matthew"]
[Black "Richmond, Peter A"]
[Result "0-1"]
[WhiteElo "2167"]
[BlackElo "2251"]
[PlyCount "58"]
[EventDate "2003.11.23"]

1. e4 c5 2. Nf3 Nc6 3. d4 cxd4 4. Nxd4 Nf6 5. Nc3 e5 6. Ndb5 d6 7. Bg5 a6 8.
Bxf6 gxf6 9. Na3 b5 10. Nd5 Bg7 11. c3 f5 12. exf5 Bxf5 13. Nc2 O-O 14. Nce3
Be6 15. g3 Rb8 16. Bg2 f5 17. O-O Kh8 18. Qe2 f4 19. Nc2 Qg5 20. Nxf4 Bc4 21.
Qe4 exf4 22. Qxc6 Bxf1 23. Rxf1 fxg3 24. hxg3 Qd2 25. Be4 Rbe8 26. Ne3 Qxb2 27.
Bb1 Rxe3 28. Bxh7 Re6 29. Bf5 Rh6 0-1

[Event "4NCL/Div4/BRJ vs. PPA2"]
[Site "West Bromwich ENG"]
[Date "2003.11.23"]
[Round "2.3"]
[White "Haydon, Richard"]
[Black "Rosen, Daniel B"]
[Result "1/2-1/2"]
[WhiteElo "2197"]
[BlackElo "2144"]
[PlyCount "73"]
[EventDate "2003.11.23"]

1. Nf3 f5 2. g3 Nf6 3. Bg2 e6 4. O-O Be7 5. d4 O-O 6. b3 d5 7. c4 c6 8. Ba3 Bd7
9. Bxe7 Qxe7 10. Qc2 Be8 11. Nc3 Bh5 12. Ne5 Nbd7 13. Nxd7 Qxd7 14. e3 Ne4 15.
Na4 Qe7 16. Nb2 Ng5 17. f3 dxc4 18. Qxc4 Nf7 19. Nd3 Rfe8 20. Rae1 Kh8 21. Nf4
Nd6 22. Qc5 Bf7 23. Nd3 Bg8 24. g4 Rad8 25. a4 Nc8 26. gxf5 exf5 27. Qxf5 Bxb3
28. Ne5 Nd6 29. Qh3 Kg8 30. f4 Bxa4 31. f5 Rf8 32. Ng6 Qf6 33. Nxf8 Rxf8 34.
Rf2 Bb5 35. Rd1 Re8 36. Rf4 a5 37. e4 1/2-1/2

[Event "4NCL/Div4/BRJ vs. PPA2"]
[Site "West Bromwich ENG"]
[Date "2003.11.23"]
[Round "2.4"]
[White "Sayers, Raymond"]
[Black "Bareham, David"]
[Result "1-0"]
[WhiteElo "2140"]
[BlackElo "2152"]
[PlyCount "83"]
[EventDate "2003.11.23"]

1. e4 c5 2. Nf3 d6 3. d4 cxd4 4. Qxd4 Nc6 5. Bb5 Bd7 6. Bxc6 Bxc6 7. Nc3 e6 8.
Bg5 Nf6 9. O-O-O Be7 10. Rhe1 Qb6 11. Qxb6 axb6 12. Nd4 O-O 13. f3 Ra5 14. Bh4
g5 15. Bg3 d5 16. Nb3 dxe4 17. Nxa5 bxa5 18. Nxe4 Nxe4 19. fxe4 Bc5 20. Bd6
Bxd6 21. Rxd6 Kg7 22. e5 Kg6 23. Re2 Kf5 24. Rd1 Bb5 25. Ree1 Rc8 26. Rd2 Rc4
27. g3 Re4 28. Rf2+ Kxe5 29. Rxe4+ Kxe4 30. Rxf7 Bc6 31. Kd2 h5 32. Ke2 b5 33.
h4 gxh4 34. Rf4+ Ke5 35. Rxh4 Be8 36. c3 Kd5 37. Rd4+ Ke5 38. Ke3 Bg6 39. a4
Be8 40. Rd8 Bc6 41. axb5 Bxb5 42. Ra8 1-0

[Event "4NCL/Div4/BRJ vs. PPA2"]
[Site "West Bromwich ENG"]
[Date "2003.11.23"]
[Round "2.5"]
[White "Bourne, Johnathan"]
[Black "Goodger, Martyn"]
[Result "0-1"]
[WhiteElo "2032"]
[BlackElo "2143"]
[PlyCount "58"]
[EventDate "2003.11.23"]

1. e4 e5 2. f4 exf4 3. Bc4 Nf6 4. Nc3 Bb4 5. e5 d5 6. Bb5+ c6 7. exf6 cxb5 8.
Qe2+ Be6 9. fxg7 Rg8 10. Nf3 Nc6 11. d4 Qf6 12. a3 Bxc3+ 13. bxc3 Rxg7 14. Ne5
Nxe5 15. dxe5 Qh4+ 16. Qf2 Qxf2+ 17. Kxf2 Rc8 18. Bxf4 Rxc3 19. Rhc1 Bf5 20.
Ra2 Be4 21. g3 Rg6 22. Be3 Ra6 23. Bd2 Raxa3 24. Rb2 Rf3+ 25. Ke2 a6 26. Bb4
Rae3+ 27. Kd2 d4 28. Bc5 Rf2+ 29. Kd1 Bf3# 0-1

[Event "4NCL/Div4/BRJ vs. PPA2"]
[Site "West Bromwich ENG"]
[Date "2003.11.23"]
[Round "2.6"]
[White "Winfridsson, Ola"]
[Black "Tomboline, David"]
[Result "1/2-1/2"]
[WhiteElo "2057"]
[BlackElo "1792"]
[PlyCount "65"]
[EventDate "2003.11.23"]

1. d4 e6 2. c4 Nf6 3. Nc3 Bb4 4. Bg5 h6 5. Bh4 g5 6. Bg3 Ne4 7. Qc2 Bxc3+ 8.
bxc3 Nxg3 9. hxg3 d6 10. Rd1 Qf6 11. Nf3 Nd7 12. e3 b6 13. Bd3 Bb7 14. Be4 c6
15. Qa4 d5 16. cxd5 exd5 17. Bd3 a5 18. Qc2 a4 19. Bf5 b5 20. Bxd7+ Kxd7 21.
Ne5+ Kc7 22. Rb1 Bc8 23. Rc1 Bf5 24. Qe2 Qe7 25. g4 Be4 26. f3 Bg6 27. Kf2 h5
28. gxh5 Rxh5 29. Rxh5 Bxh5 30. g4 Bg6 31. Nxg6 fxg6 32. Rh1 Rf8 33. Kg2
1/2-1/2

[Event "4NCL/Div4/OXF1 vs. MET"]
[Site "West Bromwich ENG"]
[Date "2003.11.23"]
[Round "2.1"]
[White "Coleman, James"]
[Black "Dunn, Alan"]
[Result "1-0"]
[WhiteElo "2193"]
[BlackElo "2095"]
[PlyCount "91"]
[EventDate "2003.11.23"]

1. d4 Nf6 2. Bg5 Ne4 3. Bf4 g5 4. Bc1 h6 5. f3 Nf6 6. e4 d6 7. Nc3 Nc6 8. Be3
Bd7 9. Bc4 a6 10. Nge2 b5 11. Bb3 b4 12. Nd5 e6 13. Nxf6+ Qxf6 14. O-O Na5 15.
f4 Nxb3 16. axb3 g4 17. d5 Qe7 18. dxe6 fxe6 19. Qd4 Bg7 20. Qxb4 O-O 21. Rab1
c5 22. Qd2 Bc6 23. Ng3 Rad8 24. Qe2 Qh4 25. Qxa6 Ba8 26. Qc4 d5 27. Qxc5 Rc8
28. Qd6 Rc6 29. Qd7 Rd8 30. Qa7 Rxc2 31. f5 d4 32. fxe6 dxe3 33. Qf7+ Kh8 34.
e7 Rxg2+ 35. Kxg2 Rd2+ 36. Rf2 Rxf2+ 37. Qxf2 exf2 38. e8=Q+ Kh7 39. Qxa8 Qh3+
40. Kh1 h5 41. e5 h4 42. Qe4+ Kg8 43. Rc1 hxg3 44. Rc8+ Kf7 45. Qf5+ Ke7 46.
Rc7+ 1-0

[Event "4NCL/Div4/OXF1 vs. MET"]
[Site "West Bromwich ENG"]
[Date "2003.11.23"]
[Round "2.2"]
[White "Fogarasi, Norbert"]
[Black "Ozeren, Kemal"]
[Result "1/2-1/2"]
[WhiteElo "2127"]
[BlackElo "2226"]
[PlyCount "129"]
[EventDate "2003.11.23"]

1. e4 c6 2. d4 d5 3. e5 Bf5 4. Be3 e6 5. Nd2 Nd7 6. c4 dxc4 7. Nxc4 Nb6 8. Nf3
Bg4 9. a3 Qd5 10. Rc1 Bxf3 11. gxf3 Nxc4 12. Bxc4 Qd7 13. b4 b5 14. Bb3 Ne7 15.
Qc2 Rc8 16. O-O Nd5 17. Bd2 Be7 18. Qe4 O-O 19. Qg4 Rfd8 20. Kh1 g6 21. Rg1 Kg7
22. Qh5 Kh8 23. Qh6 Bf8 24. Qh4 Ne7 25. Be3 Nf5 26. Qg4 a5 27. Bc2 h5 28. Qh3
Be7 29. Bxf5 exf5 30. Bg5 Bxg5 31. Rxg5 Kg7 32. Rcg1 Rh8 33. Qxf5 Qxf5 34. Rxf5
axb4 35. axb4 Rhd8 36. Rf4 Rd5 37. Re4 Rcd8 38. Rd1 c5 39. bxc5 Rxc5 40. Kg2
Rcd5 41. Rb1 Rxd4 42. Rxd4 Rxd4 43. Rxb5 Rf4 44. Kg3 g5 45. e6 f5 46. e7 h4+
47. Kg2 Kf7 48. Re5 Ke8 49. h3 g4 50. fxg4 fxg4 51. hxg4 Rxg4+ 52. Kh3 Rf4 53.
Re2 Rc4 54. Re5 Rf4 55. Kg2 Rg4+ 56. Kf3 Rg1 57. Rh5 Kxe7 58. Rxh4 Ra1 59. Rh6
Ra4 60. Kg3 Kf7 61. f4 Ra5 62. Kg4 Rb5 63. Ra6 Rc5 64. f5 Rc1 65. Ra7+ 1/2-1/2

[Event "4NCL/Div4/OXF1 vs. MET"]
[Site "West Bromwich ENG"]
[Date "2003.11.23"]
[Round "2.3"]
[White "Savage, Ben D"]
[Black "Calvert, D Ian"]
[Result "1-0"]
[WhiteElo "2208"]
[BlackElo "2035"]
[PlyCount "87"]
[EventDate "2003.11.23"]

1. d4 d5 2. Nf3 Nf6 3. c4 c6 4. e3 g6 5. Bd3 Bg7 6. b3 Nbd7 7. Bb2 O-O 8. Nbd2
e5 9. cxd5 cxd5 10. Nxe5 Nxe5 11. dxe5 Ng4 12. Be2 Nxe5 13. Bd4 Nc6 14. Bxg7
Kxg7 15. Nf3 Qa5+ 16. Qd2 Qxd2+ 17. Kxd2 Rd8 18. Nd4 Nxd4 19. exd4 Be6 20. Rac1
Rac8 21. Bf3 Kf6 22. Rhe1 b6 23. Be2 Rxc1 24. Rxc1 Rc8 25. Rxc8 Bxc8 26. Bf3
Bb7 27. Kc3 Ke7 28. Kb4 Kd6 29. Be2 Bc6 30. Bb5 g5 31. Bd3 h6 32. Bb5 f5 33.
Ba6 Bd7 34. a4 f4 35. a5 h5 36. Bb5 Bc6 37. axb6 axb6 38. Bxc6 Kxc6 39. g3 fxg3
40. fxg3 h4 41. g4 h3 42. Ka4 b5+ 43. Ka5 b4 44. Ka6 1-0

[Event "4NCL/Div4/OXF1 vs. MET"]
[Site "West Bromwich ENG"]
[Date "2003.11.23"]
[Round "2.4"]
[White "Djabri, Zafer M"]
[Black "Smallbone, Kieran"]
[Result "0-1"]
[WhiteElo "2036"]
[BlackElo "2147"]
[PlyCount "56"]
[EventDate "2003.11.23"]

1. c4 c6 2. Nf3 d5 3. g3 Nf6 4. Bg2 dxc4 5. O-O Be6 6. Qc2 Na6 7. Ne5 Qd4 8.
Nxc6 Qc5 9. d4 cxd3 10. Qxc5 Nxc5 11. exd3 Nxd3 12. Nc3 Nxc1 13. Raxc1 g6 14.
Na5 Bh6 15. Rcd1 O-O 16. Nxb7 Rab8 17. b3 Rfc8 18. Nb5 Bg4 19. Nxa7 Rc2 20.
Rd8+ Rxd8 21. Nxd8 Rxa2 22. Ndc6 e6 23. b4 Rb2 24. Ra1 Bf8 25. b5 Bc5 26. Bf1
Bf3 27. Be2 Rxe2 28. Nc8 Rxf2 0-1

[Event "4NCL/Div4/OXF1 vs. MET"]
[Site "West Bromwich ENG"]
[Date "2003.11.23"]
[Round "2.5"]
[White "Rawlinson, Aidan"]
[Black "Dickson, George"]
[Result "1/2-1/2"]
[WhiteElo "2056"]
[BlackElo "1928"]
[PlyCount "83"]
[EventDate "2003.11.23"]

1. e4 d6 2. d4 Nf6 3. Nc3 g6 4. f4 Bg7 5. Nf3 c5 6. Bb5+ Bd7 7. e5 Ng4 8. Bxd7+
Qxd7 9. d5 dxe5 10. h3 e4 11. Nxe4 Nf6 12. Nxf6+ Bxf6 13. O-O O-O 14. Be3 Na6
15. c4 Bxb2 16. Ne5 Qc7 17. Rb1 Bd4 18. Bxd4 cxd4 19. Qxd4 Qc5 20. Rfd1 Qxd4+
21. Rxd4 Nc5 22. Kf2 Rac8 23. Ke3 Rfd8 24. Nd3 Nxd3 25. Kxd3 Rd7 26. Rb2 Kf8
27. Rb5 b6 28. a4 Rd6 29. a5 Rc5 30. axb6 Rxb5 31. cxb5 axb6 32. Ke4 f6 33. Rc4
Kf7 34. Rc6 Ke8 35. Rc8+ Rd8 36. Rc6 Rd6 37. g4 Kd7 38. f5 g5 39. Rc1 Ke8 40.
Ra1 h6 41. Ra6 Kf7 42. Ra8 1/2-1/2

[Event "4NCL/Div4/OXF1 vs. MET"]
[Site "West Bromwich ENG"]
[Date "2003.11.23"]
[Round "2.6"]
[White "Murphy, Kieran"]
[Black "Terry, Sean"]
[Result "1/2-1/2"]
[WhiteElo "1696"]
[BlackElo "1896"]
[PlyCount "184"]
[EventDate "2003.11.23"]

1. Nf3 Nf6 2. c4 g6 3. Nc3 Bg7 4. e4 O-O 5. d4 d6 6. h3 e5 7. d5 a5 8. Bg5 Na6
9. g4 Nc5 10. Nd2 Qd7 11. b3 Ne8 12. Rg1 Kh8 13. Rb1 c6 14. a3 f6 15. Be3 Qf7
16. Be2 Qe7 17. b4 axb4 18. axb4 Nd7 19. Nb3 f5 20. gxf5 gxf5 21. Bg5 Bf6 22.
Bh6 Bg7 23. Qd2 fxe4 24. Nxe4 Qh4 25. Bxg7+ Nxg7 26. Qg5 Qxg5 27. Rxg5 Ne8 28.
Na5 cxd5 29. cxd5 Ndf6 30. Nc3 h6 31. Rg3 Bf5 32. Rc1 Rc8 33. Nxb7 Nxd5 34. b5
Nxc3 35. Rgxc3 Rb8 36. Na5 Be4 37. Rc8 Rb6 38. Nc4 Rxb5 39. Nxd6 Rb3 40. Nxe4
Rxh3 41. Nd6 Rh1+ 42. Kd2 Rxc1 43. Kxc1 Rxf2 44. Rxe8+ Kg7 45. Rxe5 Kf6 46.
Ne4+ Kxe5 47. Nxf2 Kf4 48. Kd1 Ke3 49. Ng4+ Kf4 50. Nxh6 Ke3 51. Ng4+ Kf4 52.
Kd2 Ke4 53. Nf2+ Kd4 54. Bf3 Ke5 55. Ke3 Kf6 56. Kd4 Kf5 57. Nd3 Ke6 58. Be4
Kf6 59. Kd5 Ke7 60. Ke5 Kd7 61. Nc5+ Kc7 62. Kd5 Kb6 63. Bd3 Ka5 64. Bc4 Kb4
65. Kd4 Ka5 66. Nd7 Kb4 67. Ne5 Ka5 68. Kc5 Ka4 69. Nd3 Ka3 70. Kd4 Ka4 71. Nc1
Kb4 72. Nb3 Ka3 73. Kc3 Ka4 74. Be2 Ka3 75. Nd4 Ka4 76. Nb3 Ka3 77. Bd3 Ka4 78.
Nd4 Ka5 79. Kc4 Kb6 80. Kd5 Ka5 81. Kc5 Ka4 82. Kc4 Ka5 83. Kc5 Ka4 84. Be2 Ka3
85. Kc4 Kb2 86. Kd3 Kc1 87. Nb3+ Kb2 88. Kc4 Ka3 89. Kc3 Ka4 90. Bd3 Ka3 91.
Bb1 Ka4 92. Kc4 Ka3 1/2-1/2

[Event "4NCL/Div4/AD3 vs. SLO3"]
[Site "West Bromwich ENG"]
[Date "2003.11.23"]
[Round "2.1"]
[White "Rea, Bill"]
[Black "Varnam, Liam D"]
[Result "0-1"]
[WhiteElo "1696"]
[BlackElo "2066"]
[PlyCount "72"]
[EventDate "2003.11.23"]

1. e4 e5 2. Nf3 Nc6 3. Bc4 Nf6 4. d3 Be7 5. c3 O-O 6. Bg5 d6 7. Nbd2 Na5 8. Bb5
a6 9. Ba4 b5 10. Bc2 c5 11. b3 Bg4 12. a3 Rc8 13. h3 Be6 14. d4 exd4 15. cxd4
c4 16. d5 Bd7 17. b4 Nb7 18. Nd4 Nxd5 19. Bxe7 Nxe7 20. Qf3 Nc6 21. Qc3 Nxd4
22. Qxd4 Be6 23. O-O-O a5 24. f4 axb4 25. axb4 c3 26. Nf3 Rc4 27. Qd3 Qa8 28.
Rdf1 Qa1+ 29. Bb1 Qb2+ 30. Kd1 c2+ 31. Bxc2 Rxc2 32. Nd2 Rc1+ 33. Ke2 Rxf1 34.
Kxf1 Qc1+ 35. Kf2 Qxh1 36. Nf1 Bc4 0-1